000 00662nam a2200241Ia 4500
003 OSt
005 20220918202107.0
006 a|||||r|||| 00| 0
007 ta
008 220917b |||||||| |||| 00| 0 eng d
024 _a98,737
037 _cTextual
040 _aARTS
_cARTS
_beng
041 _2eng
_aeng
082 _aV2:19.N05-M99, L8;1
100 _aSharma A P
_9102217
245 0 _aIndia's external relations under Lord Curzon 1899-1905
260 _aRanchi
_bSubodh India
_c1978
300 _axviii, 374p.
_ccm.
650 _aHISTORY
942 _hV2:19.N05-M99, L8;1
_cTEXL
_2CC
999 _c222323
_d222323